Подробности
| 000 -МАРКЕР |
| контрольное поле |
01885nam2a2200277 4500 |
| 001 - ИДЕНТИФИКАТОР ЗАПИСИ |
| контрольное поле |
RU\NLR\BIBL_A\011452934 |
| 005 - ИДЕНТИФИКАТОР ВЕРСИИ |
| контрольное поле |
20250626071012.0 |
| 010 ## - МЕЖДУНАРОДНЫЙ СТАНДАРТНЫЙ НОМЕР КНИГИ (ISBN) |
| Номер (ISBN) |
5-463-00014-x |
| Тираж |
1000 |
| 035 ## - ДРУГИЕ СИСТЕМНЫЕ НОМЕРА |
| Идентификатор записи |
(NLR Aleph) 011452934 |
| 100 ## - ДАННЫЕ ОБЩЕЙ ОБРАБОТКИ |
| Данные общей обработки |
20170810d2005 |||y0rusy50 ca |
| 101 0# - ЯЗЫК РЕСУРСА |
| Язык текста, звукозаписи и т.д. |
русский |
| 102 ## - СТРАНА ПУБЛИКАЦИИ ИЛИ ПРОИЗВОДСТВА |
| Страна публикации |
российская федерация |
| 105 ## - ПОЛЕ КОДИРОВАННЫХ ДАННЫХ: ТЕКСТОВЫЕ МАТЕРИАЛЫ, МОНОГРАФИЧЕСКИЕ |
| Кодированные данные о монографическом текстовом документе |
a z 001zy |
| 200 1# - ЗАГЛАВИЕ И СВЕДЕНИЯ ОБ ОТВЕТСТВЕННОСТИ |
| Основное заглавие |
Лекарственные растения, используемые в народной медицине |
| 210 ## - ПУБЛИКАЦИЯ, РАСПРОСТРАНЕНИЕ И ДР. |
| Дата издания, распространения и т.д. |
2005 |
| Место издания, распространения и т.д. |
Б. м. |
| 215 ## - ФИЗИЧЕСКАЯ ХАРАКТЕРИСТИКА |
| Специфическое обозначение материала и объем |
223 с. |
| Другие сведения о физической характеристике |
цв. ил. |
| 320 ## - ПРИМЕЧАНИЯ О НАЛИЧИИ В ДОКУМЕНТЕ БИБЛИОГРАФИИ / УКАЗАТЕЛЯ |
| Текст примечания |
Библиогр.: с. 210-215 |
| 320 ## - ПРИМЕЧАНИЯ О НАЛИЧИИ В ДОКУМЕНТЕ БИБЛИОГРАФИИ / УКАЗАТЕЛЯ |
| Текст примечания |
Указатели: рус. названий растений, грибов, продуктов животного и минерального происхождения, латинских названий растений, грибов, животных, якутских названий растений, животных и продуктов минерального происхождения: с. 216-222 |
| 461 #0 - УРОВЕНЬ НАБОРА |
| Встроенное поле |
001RU\NLR\bibl\601879 |
| -- |
2001#$aАтлас лекарственных растений Якутии$fРос. акад. наук. Сиб. отд-ние, Ин-т биол. пробл. криолитозоны$g[Сост.: Л.В. Кузнецова и др.]$gОтв. ред. д.с.-х.н. Б.И. Иванов$vТ. 2 |
| Системный номер (АБИС) связанной записи |
1729927 |
| Место публикации |
Якутск |
| Дата публикации |
2003 |
| Первые сведения об ответственности |
Рос. акад. наук. Сиб. отд-ние, Ин-т биол. пробл. криолитозоны |
| Имя издателя, распространителя и т.д. |
ЯФ Изд-ва СО РАН |
| Заглавие |
Атлас лекарственных растений Якутии |
| Номер тома |
Т. 2 |
| 606 1# - НАИМЕНОВАНИЕ ТЕМЫ КАК ПРЕДМЕТ |
| Наименование темы |
Лекарственные растения |
| Формальный подзаголовок |
Атласы |
| Тематический подзаголовок |
Применение в народной медицине |
| Системный номер авторитетной/нормативной записи |
1485636 |
| Идентификатор авторитетной/нормативной записи |
RU\NLR\AUTH\66635562 |
| 686 1# - ИНДЕКСЫ ДРУГИХ КЛАССИФИКАЦИЙ |
| Индекс |
Р359.2я61 |
| 942 ## - ДОПОЛНИТЕЛЬНЫЕ ЭЛЕМЕНТЫ ЗАПИСИ (АБИС) |
| Тип экземпляра АБИС |
Книга |
| 980 ## - КОЛЛЕКЦИЯ |
| Название коллекции |
Национальная библиография |